[Event "Ladder Tournament #25 Medium"]
[Site "SchemingMind.com"]
[Date "2007.07.03"]
[Round "-"]
[White "josecapa"]
[Black "Theodoric"]
[Result "1/2-1/2"]
[WhiteCountry "JAM"]
[BlackCountry "ENG"]
[WhiteElo "1758"]
[WhiteRD "133"]
[BlackElo "1783"]
[BlackRD "59"]
[GameID "111011"]

1. d4 Nf6 2. c4 e6 3. Nf3 b6 4. Bg5 Be7 5. Nc3 Nc6 6. e3 Bb7 7. a3 h6 8. Bh4 d5 9. Bd3 Ba6 10. cxd5 Bxd3
11. Qxd3 Nxd5 12. Bxe7 Ndxe7 13. b4 f6 14. Nh4 Qd7 15. Ng6 Rg8 16. Nxe7 Nxe7 17. Ke2 c6 18. Ne4 f5 19. Nd2 O-O-O 20. Nc4 Ng6
21. Rac1 Rge8 22. Rc2 Kb7 23. Rb1 Ka8 24. Qb3 Rb8 25. Rbc1 Rec8 26. Rc3 Qd5 27. Nd2 Qxb3 28. Nxb3 Ne7 29. Kd3 Kb7 30. Nd2 Rc7
31. b5 Rbc8 32. Nf3 cxb5 33. Rxc7+ Rxc7 34. Rxc7+ Kxc7 35. Nd2 Nd5 36. Nb1 a5 37. Nc3 Kc6 38. f3 g6 39. Nxd5 Kxd5 40. e4+ fxe4+
41. fxe4+ Kd6 42. Kc3 h5 43. h4 Kc6=
1/2-1/2

[Event "Ladder Tournament #25 Medium"]
[Site "SchemingMind.com"]
[Date "2007.06.28"]
[Round "-"]
[White "rbbowen"]
[Black "JasonY1982"]
[Result "0-1"]
[WhiteCountry "USA"]
[BlackCountry "USA"]
[WhiteElo "1534"]
[WhiteRD "168"]
[BlackElo "1800"]
[BlackRD "125"]
[GameID "111012"]

1. e4 c5 2. Nf3 d6 3. d4 cxd4 4. Nxd4 Nf6 5. Nc3 a6 6. Be3 e6 7. f3 Be7 8. Qd2 b5 9. g4 Bb7 10. O-O-O Qc7
11. g5 Nfd7 12. h4 Nc6 13. f4 b4 14. Na4 Nc5 15. Nxc6 Bxc6 16. Nxc5 dxc5 17. Bg2 Qb7 18. Rh2 Rd8 19. Qe2 Rxd1+ 20. Qxd1 Bxe4
21. Bxe4 Qxe4 22. Qd3 Qxd3 23. cxd3 Kd7 24. Rc2 Rc8 25. b3 Kc6 26. Kd2 Kd5 27. Ke2 f6 28. gxf6 gxf6 29. Kf3 Rg8 30. Rc1 h5
31. Rg1 Rxg1 32. Bxg1 f5 33. Bf2 Bf6 34. Ke2 Bd4 35. Be3 Bxe3 36. Kxe3 a5 37. Kf3 Kd4 38. Ke2 Kc3
0-1

[Event "Ladder Tournament #25 Medium"]
[Site "SchemingMind.com"]
[Date "2007.07.03"]
[Round "-"]
[White "Theodoric"]
[Black "josecapa"]
[Result "0-1"]
[WhiteCountry "ENG"]
[BlackCountry "JAM"]
[WhiteElo "1793"]
[WhiteRD "62"]
[BlackElo "1662"]
[BlackRD "162"]
[GameID "111016"]

1. e4 c6 2. d4 d5 3. exd5 cxd5 4. c4 Nc6 5. c5 Bf5 6. Bb5 Qc7 7. a4 Nf6 8. Nf3 e6 9. Ne5 Bxc5 10. Nxf7 Bb4+
11. Bd2 Bxd2+ 12. Nxd2 Kxf7 13. Nf3 Qa5+ 14. Qd2 Qxd2+ 15. Kxd2 Ne4+ 16. Ke2 Bg4 17. Bxc6 bxc6 18. Ke3 Bxf3 19. gxf3 Nd6 20. b3 Rab8
21. Rab1 Rb4
0-1

[Event "Ladder Tournament #25 Medium"]
[Site "SchemingMind.com"]
[Date "2007.06.28"]
[Round "-"]
[White "JasonY1982"]
[Black "rbbowen"]
[Result "1/2-1/2"]
[WhiteCountry "USA"]
[BlackCountry "USA"]
[WhiteElo "1800"]
[WhiteRD "125"]
[BlackElo "1534"]
[BlackRD "168"]
[GameID "111017"]

1. e4 c5 2. Nf3 d6 3. d4 cxd4 4. Nxd4 Nf6 5. Nc3 g6 6. Be3 Bg7 7. f3 Nc6 8. Bc4 O-O 9. Qd2 Bd7 10. O-O-O Rc8
11. h4 h5 12. Bb3 Ne5 13. Kb1 Re8 14. Bh6 Nc4 15. Bxc4 Rxc4 16. Bxg7 Kxg7 17. g4 hxg4 18. h5 Nxh5 19. Rxh5 gxh5 20. Qg5+ Kf8
21. Qh6+ Kg8 22. Rh1 Qa5 23. Rxh5 Qxh5 24. Qxh5 Rxd4 25. fxg4 Bc6 26. Kc1 Bxe4 27. Nxe4 Rxe4 28. Qg5+ Kf8 29. Qh6+ Kg8 30. Qg5+ Kf8
31. Qh6+= Kg8 32. Qg5+ Kf8 33. Qh6+=
1/2-1/2

[Event "Ladder Tournament #25 Medium"]
[Site "SchemingMind.com"]
[Date "2007.07.05"]
[Round "-"]
[White "TheMole"]
[Black "Lee Shuck"]
[Result "1-0"]
[WhiteCountry "USA"]
[BlackCountry "ENG"]
[WhiteElo "1872"]
[WhiteRD "150"]
[BlackElo "1478"]
[BlackRD "64"]
[GameID "111135"]

1. e4 e5 2. Nf3 Nc6 3. Bc4 Bc5 4. Nc3 d6 5. d3 Nf6 6. h3 O-O 7. Bg5 Nd4 8. Nd5 h6 9. Nxf6+ gxf6 10. Bxh6 Re8
11. Nxd4 Bxd4 12. Qf3 Bxb2 13. Qg3+ Kh7 14. Qg7#
1-0

[Event "Ladder Tournament #25 Medium"]
[Site "SchemingMind.com"]
[Date "2007.07.05"]
[Round "-"]
[White "Lee Shuck"]
[Black "TheMole"]
[Result "0-1"]
[WhiteCountry "ENG"]
[BlackCountry "USA"]
[WhiteElo "1478"]
[WhiteRD "64"]
[BlackElo "1872"]
[BlackRD "150"]
[GameID "111136"]

1. e4 c5 2. Nf3 Nc6 3. d4 cxd4 4. Nxd4 Qb6 5. Be3 Qxb2 6. Nd2 Nxd4 7. Bxd4 Qxd4 8. Bc4 Nf6 9. Nf3 Qxc4 10. Qd3 Qxe4+
11. Qxe4 Nxe4 12. Ke2 d5 13. Rhd1 Nc3+ 14. Kd2 Nxd1
0-1

[Event "Ladder Tournament #25 Medium"]
[Site "SchemingMind.com"]
[Date "2007.07.07"]
[Round "-"]
[White "AaronB"]
[Black "AmberWarning"]
[Result "1-0"]
[WhiteCountry "USA"]
[BlackCountry "ENG"]
[WhiteElo "1744"]
[WhiteRD "93"]
[BlackElo "1563"]
[BlackRD "145"]
[GameID "111294"]

1. e4 e6 2. d4 d5 3. Nc3 Nc6 4. Nf3 Nf6 5. e5 Ne4 6. Bd3 Nxc3 7. bxc3 Be7 8. O-O O-O 9. c4 Nb4 10. a4 Nxd3
11. Qxd3 c6 12. Bd2 g6 13. a5 b6 14. a6 dxc4 15. Qxc4 Qc7 16. Bh6 Rd8 17. Ng5 Bxg5 18. Bxg5 b5 19. Qb4 Rd5 20. c3 Rb8
21. Qe7 Qxe7 22. Bxe7 Rb6 23. Ra5 Bxa6 24. Rfa1 Bc8 25. Rxa7 Rb8 26. Ra8 b4 27. Rxb8 bxc3 28. Bf6 h6 29. Rxc8+
1-0

[Event "Ladder Tournament #25 Medium"]
[Site "SchemingMind.com"]
[Date "2007.07.02"]
[Round "-"]
[White "Ferker"]
[Black "errantknight"]
[Result "1-0"]
[WhiteCountry "HUN"]
[BlackCountry "USA"]
[WhiteElo "1796"]
[WhiteRD "117"]
[BlackElo "1590"]
[BlackRD "101"]
[GameID "111296"]

1. e4 c5 2. Nf3 Nc6 3. d4 cxd4 4. Nxd4 a6 5. Nxc6 bxc6 6. Bd3 e6 7. O-O Nf6 8. e5 Nd5 9. c4 Nb6 10. Nc3 d6
11. exd6 Bxd6 12. Be3 O-O 13. c5 Bxc5 14. Bxc5 Re8 15. Bxh7+ Kh8 16. Qh5 Qf6 17. Bg6+
1-0

[Event "Ladder Tournament #25 Medium"]
[Site "SchemingMind.com"]
[Date "2007.07.07"]
[Round "-"]
[White "AmberWarning"]
[Black "AaronB"]
[Result "0-1"]
[WhiteCountry "ENG"]
[BlackCountry "USA"]
[WhiteElo "1563"]
[WhiteRD "145"]
[BlackElo "1744"]
[BlackRD "93"]
[GameID "111302"]

1. d4 Nf6 2. c4 g6 3. Nc3 Bg7 4. e4 d6 5. Nf3 O-O 6. Be2 e5 7. dxe5 dxe5 8. Nxe5 Nxe4 9. Bf4 Nxc3 10. Qxd8 Rxd8
11. bxc3 Nd7 12. O-O Nxe5 13. Rac1 c5 14. Rfd1 Be6 15. Rxd8+ Rxd8 16. Rb1 b6 17. Rd1 Rxd1+ 18. Bxd1 Nxc4 19. Bb8 Bxc3 20. Bxa7 Bd4
21. Bb3 b5 22. Kf1 Nd2+ 23. Ke2 Nxb3 24. axb3 Bxb3 25. Kd3 Bc4+ 26. Ke4 b4 27. Bb8 b3 28. Be5 b2 29. Bxd4 b1=Q+ 30. Ke5 Qf5+
31. Kd6 Qd5+ 32. Kc7 Kf8 33. Bxc5+ Qxc5+ 34. Kb7 Ke8 35. Kb8 Qb6+ 36. Ka8 Bd5#
0-1

[Event "Ladder Tournament #25 Medium"]
[Site "SchemingMind.com"]
[Date "2007.07.02"]
[Round "-"]
[White "errantknight"]
[Black "Ferker"]
[Result "0-1"]
[WhiteCountry "USA"]
[BlackCountry "HUN"]
[WhiteElo "1590"]
[WhiteRD "101"]
[BlackElo "1796"]
[BlackRD "117"]
[GameID "111304"]

1. e4 e5 2. Nf3 d6 3. h3 Nf6 4. Nc3 Be6 5. Be2 Be7 6. d3 c5 7. O-O O-O 8. Be3 Nc6 9. a3 d5 10. exd5 Nxd5
11. Nxd5 Qxd5 12. c4 Qd7 13. Qc2 Rfd8 14. Rfd1 Bf5 15. Qc1 Rac8 16. Qc3 Nd4 17. Bxd4 cxd4 18. Qc2 Qe6 19. Re1 Bf6 20. Bd1 e4
21. dxe4 Bg6 22. Rb1 d3 23. Qa4 d2 24. Re2 Rxc4 25. Bb3 Rxa4
0-1

[Event "Ladder Tournament #25 Medium"]
[Site "SchemingMind.com"]
[Date "2007.09.02"]
[Round "-"]
[White "Ferker"]
[Black "TheMole"]
[Result "1-0"]
[WhiteCountry "HUN"]
[BlackCountry "USA"]
[WhiteElo "1970"]
[WhiteRD "102"]
[BlackElo "1799"]
[BlackRD "131"]
[GameID "118665"]

1. e4 c5 2. Nf3 d6 3. Nc3 Nc6 4. Bb5 Bd7 5. O-O a6 6. Bxc6 Bxc6 7. d4 b6 8. Qe2 Nf6 9. Bg5 h6 10. Bxf6 gxf6
11. Rad1 Bg7 12. Rfe1 e5 13. dxc5 bxc5 14. Nh4 Bf8 15. Nf5 Ra7 16. Qd3 Rd7 17. Qxa6 Qc7 18. Nb5 Bxb5 19. Qxb5 Be7 20. Re3 Rg8
21. Ra3 Kf8 22. Ra8+ Rd8 23. Qa6 Ke8 24. Ra7
1-0

[Event "Ladder Tournament #25 Medium"]
[Site "SchemingMind.com"]
[Date "2007.09.02"]
[Round "-"]
[White "TheMole"]
[Black "Ferker"]
[Result "0-1"]
[WhiteCountry "USA"]
[BlackCountry "HUN"]
[WhiteElo "1799"]
[WhiteRD "131"]
[BlackElo "1970"]
[BlackRD "102"]
[GameID "118671"]

1. e4 e5 2. Nf3 d6 3. Bc4 Nf6 4. Nc3 Nxe4 5. Bxf7+ Kxf7 6. Nxe4 Nc6 7. d3 Kg8 8. c3 Be7 9. h3 d5 10. Ng3 h5
11. Be3 h4 12. Ne2 Bf5 13. d4 Qd6 14. dxe5 Nxe5 15. Nxe5 Qxe5 16. Bd4 Qd6 17. Qb3 c5 18. Be3 Bd3 19. Nf4 Bc4 20. Qc2 Bg5
21. Qd2 Bxf4 22. Bxf4 Re8+ 23. Kd1 Qg6 24. g3 Re2 25. Qxe2 Bxe2+ 26. Kxe2 Qc2+ 27. Kf3 Qe4+ 28. Kg4 Qe2+ 29. f3 Qe6+
0-1

[Event "Ladder Tournament #25 Medium"]
[Site "SchemingMind.com"]
[Date "2007.09.07"]
[Round "-"]
[White "simon_w"]
[Black "CowboyNoel"]
[Result "1-0"]
[WhiteCountry "IRL"]
[BlackCountry "USA"]
[WhiteElo "1779"]
[WhiteRD "81"]
[BlackElo "1165"]
[BlackRD "106"]
[GameID "119190"]

1. e4 e5 2. Nf3 Nc6 3. Bc4 Nf6 4. d3 Bc5 5. O-O b6 6. Be3 d6 7. Nc3 Bg4 8. h3 Bxh3 9. gxh3 h5 10. Bg5 Qd7
11. Bxf6 gxf6 12. Kh2 O-O-O 13. Nd5 Rh6 14. Qd2 Rg8 15. Qxh6 Rg6 16. Qxh5 a6 17. Bxa6+ Kb8 18. Bb5 Kb7 19. Nh4 Rg5 20. Qh8 f5
21. Nxf5 Qe6 22. c3 Qg6 23. Bxc6+ Kxc6 24. Nfe7+
1-0

[Event "Ladder Tournament #25 Medium"]
[Site "SchemingMind.com"]
[Date "2007.09.08"]
[Round "-"]
[White "CowboyNoel"]
[Black "simon_w"]
[Result "0-1"]
[WhiteCountry "USA"]
[BlackCountry "IRL"]
[WhiteElo "1165"]
[WhiteRD "106"]
[BlackElo "1779"]
[BlackRD "81"]
[GameID "119201"]

1. e4 c5 2. g3 g6 3. Nc3 Bg7 4. Bg2 e6 5. Nf3 Nc6 6. d3 d6 7. Bf4 e5 8. Be3 Nf6 9. Ng5 O-O 10. Nd5 Ng4
11. Qd2 Nxe3 12. Qxe3 Nd4 13. O-O-O h6 14. h4 hxg5 15. hxg5 Be6 16. Nf6+ Bxf6 17. gxf6 Qxf6 18. Rh4 g5 19. Rg4 Bxg4 20. Rh1 Bf3
21. Bxf3 Nxf3 22. Rh5 Kg7 23. c3 Rh8
0-1

[Event "Ladder Tournament #25 Medium"]
[Site "SchemingMind.com"]
[Date "2007.10.06"]
[Round "-"]
[White "josecapa"]
[Black "AaronB"]
[Result "1/2-1/2"]
[WhiteCountry "JAM"]
[BlackCountry "USA"]
[WhiteElo "1845"]
[WhiteRD "106"]
[BlackElo "1610"]
[BlackRD "79"]
[GameID "122747"]

1. d4 Nf6 2. c4 g6 3. Nc3 Bg7 4. e4 O-O 5. Nf3 d6 6. Be2 e5 7. d5 a5 8. Bg5 Nbd7 9. Nd2 h6 10. Be3 c6
11. O-O c5 12. Nb5 b6 13. Nxd6 Qc7 14. Nb5 Qd8 15. a4 Ba6 16. Qc2 Bxb5 17. axb5 Nh7 18. Rfd1 f5 19. f3 f4 20. Bf2 Nhf6
21. Bh4 g5 22. Bf2 h5 23. Nf1 g4 24. Bh4 Qe8 25. Kh1 Kh7 26. Rd2 Qg6 27. Bd1 gxf3 28. gxf3 Rg8 29. Rg2 Qf7 30. Be2 Bh6
31. Nd2 Rg6 32. Rag1 Rag8 33. Qd1 Rxg2 34. Rxg2 Rxg2 35. Kxg2 Qg6+ 36. Kh1 Bg5 37. Bxg5= Qxg5 38. Qg1 Qxg1+=
1/2-1/2

[Event "Ladder Tournament #25 Medium"]
[Site "SchemingMind.com"]
[Date "2007.10.06"]
[Round "-"]
[White "AaronB"]
[Black "josecapa"]
[Result "0-1"]
[WhiteCountry "USA"]
[BlackCountry "JAM"]
[WhiteElo "1698"]
[WhiteRD "88"]
[BlackElo "1859"]
[BlackRD "111"]
[GameID "122753"]

1. e4 c6 2. d4 d5 3. Nc3 dxe4 4. Nxe4 Bf5 5. Nc5 b6 6. Nb3 Nf6 7. Nf3 Nbd7 8. Ba6 Qc7 9. O-O e6 10. Qe2 Bd6
11. a4 Bg4 12. g3 O-O 13. Bd2 Rfe8 14. Kg2 e5 15. Qd3 e4
0-1

[Event "Ladder Tournament #25 Medium"]
[Site "SchemingMind.com"]
[Date "2007.11.14"]
[Round "-"]
[White "JasonY1982"]
[Black "simon_w"]
[Result "0-1"]
[WhiteCountry "USA"]
[BlackCountry "IRL"]
[WhiteElo "1946"]
[WhiteRD "60"]
[BlackElo "1858"]
[BlackRD "83"]
[GameID "128177"]

1. e4 c5 2. d3 e6 3. f4 d5 4. Nd2 Bd6 5. g3 f6 6. exd5 exd5 7. Qh5+ g6 8. Qxd5 Ne7 9. Qf3 Bd7 10. Bg2 Bc6
11. Qe2 O-O 12. Bxc6 Nbxc6 13. Qg2 Nf5 14. Ne4 Re8 15. Nf3 c4 16. O-O cxd3 17. Nxd6 Qxd6 18. cxd3 Ncd4 19. Nxd4 Qxd4+ 20. Qf2 Re2
21. Qxd4 Nxd4 22. b3 Rc8 23. Ba3 Rcc2
0-1

[Event "Ladder Tournament #25 Medium"]
[Site "SchemingMind.com"]
[Date "2007.11.14"]
[Round "-"]
[White "simon_w"]
[Black "JasonY1982"]
[Result "1-0"]
[WhiteCountry "IRL"]
[BlackCountry "USA"]
[WhiteElo "1815"]
[WhiteRD "83"]
[BlackElo "1955"]
[BlackRD "64"]
[GameID "128182"]

1. e4 c5 2. Nf3 d6 3. d4 cxd4 4. Nxd4 Nf6 5. Nc3 a6 6. Bg5 e6 7. f4 Be7 8. Qf3 Qc7 9. O-O-O Nbd7 10. g4 b5
11. Bxf6 Nxf6 12. g5 Nd7 13. f5 Nc5 14. h4 b4 15. fxe6 fxe6 16. Nce2 g6 17. Qe3 e5 18. Nb3 Be6 19. Nxc5 dxc5 20. Kb1 Qa5
21. b3 Qc7 22. Ng3 Qb6 23. Be2 a5 24. h5 Rg8 25. hxg6 hxg6 26. Nf5 a4 27. Nxe7 Kxe7 28. Rh7+ Ke8 29. Qg3 axb3 30. cxb3 Qb8
31. Qh2 Bf7 32. Rxf7 Kxf7 33. Qh7+
1-0

[Event "Ladder Tournament #25 Medium"]
[Site "SchemingMind.com"]
[Date "2007.12.10"]
[Round "-"]
[White "Ferker"]
[Black "josecapa"]
[Result "0-1"]
[WhiteCountry "HUN"]
[BlackCountry "JAM"]
[WhiteElo "1963"]
[WhiteRD "88"]
[BlackElo "1977"]
[BlackRD "80"]
[GameID "132709"]

1. e4 c6 2. Nf3 d5 3. exd5 cxd5 4. d4 Nc6 5. Nc3 Bf5 6. Bd3 Bxd3 7. Qxd3 Nf6 8. Qb5 Qd7 9. Bg5 e6 10. O-O Be7
11. Ne5 Nxe5 12. dxe5 Ng8 13. Be3 Qxb5
0-1

[Event "Ladder Tournament #25 Medium"]
[Site "SchemingMind.com"]
[Date "2007.12.10"]
[Round "-"]
[White "josecapa"]
[Black "Ferker"]
[Result "0-1"]
[WhiteCountry "JAM"]
[BlackCountry "HUN"]
[WhiteElo "1977"]
[WhiteRD "80"]
[BlackElo "1963"]
[BlackRD "88"]
[GameID "132723"]

1. d4 d5 2. c4 dxc4 3. Nf3 b5 4. e3 Nf6 5. a4 c6 6. axb5 cxb5 7. b3 Bf5 8. bxc4 Nbd7 9. cxb5 Rc8 10. Be2 Bc2
11. Qd2 Ne4 12. Qb4 Bd3 13. Nbd2 e6 14. Qb3 Bxe2 15. Kxe2 Nc3+ 16. Kd3 Nc5+
0-1

[Event "Ladder Tournament #25 Medium"]
[Site "SchemingMind.com"]
[Date "2008.03.08"]
[Round "-"]
[White "josecapa"]
[Black "simon_w"]
[Result "1-0"]
[WhiteCountry "JAM"]
[BlackCountry "IRL"]
[WhiteElo "2025"]
[WhiteRD "86"]
[BlackElo "1860"]
[BlackRD "77"]
[GameID "144542"]

1. d4 Nf6 2. c4 g6 3. Nc3 Bg7 4. e4 d6 5. Nf3 O-O 6. Be2 e5 7. d5 a5 8. Bg5 h6 9. Bh4 Na6 10. Nd2 Bd7
11. O-O Qe8 12. a3 Nh7 13. Bg4 f5 14. exf5 Bxf5 15. Bxf5 Rxf5 16. Nde4 h5 17. f3 g5 18. Bf2 Qg6 19. b4 axb4 20. axb4 c6
21. dxc6 bxc6 22. b5 cxb5 23. cxb5 Nc7 24. Qb3+ Kh8 25. b6
1-0

[Event "Ladder Tournament #25 Medium"]
[Site "SchemingMind.com"]
[Date "2008.03.08"]
[Round "-"]
[White "simon_w"]
[Black "josecapa"]
[Result "1-0"]
[WhiteCountry "IRL"]
[BlackCountry "JAM"]
[WhiteElo "1899"]
[WhiteRD "76"]
[BlackElo "1981"]
[BlackRD "84"]
[GameID "144550"]

1. e4 c6 2. d4 d5 3. Nc3 dxe4 4. Nxe4 Bf5 5. Ng3 Bg6 6. h4 h6 7. Nf3 Nd7 8. h5 Bh7 9. Be3 Ngf6 10. Bd3 Bxd3
11. Qxd3 e6 12. O-O-O Bd6 13. Kb1 Qc7 14. Rh3 O-O-O 15. c4 Rhg8 16. c5 Bxg3 17. fxg3 Nxc5 18. Qc2 Ncd7 19. Bf4 Qa5 20. Rd3 Nxh5
21. Ra3 Qb5 22. Rxh5 Qxh5 23. Rxa7 Qh1+ 24. Bc1 Kc7 25. Qc3 Ra8 26. Qa5+ Nb6 27. Qe5+ Kc8 28. Rxa8+ Nxa8 29. Ne1 Qf1 30. Bf4 Rd8
31. Qb8+ Kd7 32. Qxb7+ Ke8 33. Qxc6+ Kf8 34. Bd2 Qf2 35. Bc3 Qxg3 36. a3 Kg8 37. Nc2 Qd6 38. Qxd6 Rxd6 39. Bb4
1-0